Marketing of nonprofit organizations

Nevyhnutnosť aplikácie marketingu a jeho nástrojov na činnosť neziskových organizácií. Realizácia marketingu v neziskových organizáciách. Metódy, nástroje a prostriedky marketingu.

Na minha lista:
Detalhes bibliográficos
Autor principal: Čihovská, Viera
Outros Autores: Hanuláková, Eva, 1964-, Lipianska, Júlia
Formato: Capítulo de Livro
Idioma:inglês
Assuntos:
Tags: Adicionar Tag
Sem tags, seja o primeiro a adicionar uma tag!

MARC

LEADER 00000naa a2200000 4500
001 r037672
005 20240502071333.7
041 0 |a eng 
044 |a SK 
245 1 0 |a Marketing of nonprofit organizations  |c Viera Čihovská, Eva Hanuláková, Júlia Lipianska 
520 |a Nevyhnutnosť aplikácie marketingu a jeho nástrojov na činnosť neziskových organizácií. Realizácia marketingu v neziskových organizáciách. Metódy, nástroje a prostriedky marketingu. 
610 2 0 |a marketing 
610 2 0 |a organizácie neziskové 
610 2 0 |a organizácie verejnoprospešné 
610 2 0 |a podnikanie 
610 2 0 |a podnikatelia 
610 2 0 |a služby 
100 1 |a Čihovská, Viera 
700 1 |a Hanuláková, Eva, 1964- 
700 1 |a Lipianska, Júlia